|
|
|
|
| LEADER |
01163nam a22002657a 4500 |
| 001 |
7868 |
| 003 |
BD-DhAAL |
| 005 |
20220807094308.0 |
| 008 |
171021m20052010BG ||||| |||| 00| 0 BE d |
| 999 |
|
|
|c 38448
|d 38448
|
| 020 |
|
|
|a 9847010503784
|
| 040 |
|
|
|a BD-DhAAL
|c BD-DhAAL
|
| 082 |
|
|
|a 891.44371
|
| 100 |
|
|
|a আহমেদ, হুমায়ূন
|9 22547
|
| 245 |
|
|
|a শ্রেষ্ট উপন্যাস /
|c হুমায়ূন আহমেদ
|
| 246 |
|
|
|a Sresta uppanyash
|
| 260 |
|
|
|a ঢাকা :
|b অনন্যা,
|c ২০০৭.
|
| 300 |
|
|
|a ৯১২ পৃষ্ঠা :
|c ২২ সে.মি.
|
| 541 |
|
|
|e 7868, 28910
|
| 650 |
|
|
|a Bengali fiction.
|9 22548
|
| 650 |
|
|
|a Bengali literature.
|9 50657
|
| 852 |
|
|
|a Savar Campus Library
|c General Stacks
|
| 942 |
|
|
|2 ddc
|c BK
|
| 952 |
|
|
|0 0
|1 0
|2 ddc
|4 0
|6 891_443710000000000_AHM
|7 0
|9 61615
|a SCL
|b SCL
|c GEN
|d 2017-10-21
|g 420.00
|l 5
|m 16
|o 891.44371 AHM
|p 3020007868
|r 2020-03-10
|s 2020-03-09
|t 1
|w 2017-10-21
|y BK
|
| 952 |
|
|
|0 0
|1 0
|2 ddc
|4 0
|6 891_443710000000000_AHM
|7 0
|9 71591
|a BRACUL
|b BRACUL
|c GEN
|d 2022-08-07
|l 13
|m 111
|o 891.44371 AHM
|p 3010028910
|q 2026-06-02
|r 2026-02-17
|s 2026-02-17
|t 2
|w 2022-08-07
|y BK
|